| 000 | 00627 a2200229 4500 | ||
|---|---|---|---|
| 260 | _aBerlin | ||
| 100 | _aBREMER, Frank | ||
| 440 | _n94 | ||
| 260 | _bFIA | ||
| 245 | _aLes possibilités de promotion des petites exploitations agricoles dans la province Atlantique (R.P. Bénin) : Etude préparée pour le projet CARDER Atlantique (GTZ) | ||
| 300 | _aX-185p. | ||
| 260 | _c1986 | ||
| 300 | _bill. | ||
| 130 | _lFr | ||
| 440 | _aSchriftenreihe des Fachbereichs | ||
| 651 | _aBénin | ||
| 690 | _apetite exploitation agricole | ||
| 440 | _x0177-6673 | ||
| 020 | _a3-924333-60-2 | ||
| 999 |
_c25021 _d25021 |
||